| 000 | 01387namaa22003251i 4500 | ||
|---|---|---|---|
| 003 | EG-GICUC | ||
| 005 | 20260215132125.0 | ||
| 008 | 260215s1976 iq ||||jr|||| 001 0 ara d | ||
| 017 |
_a1976 / 3 / 22- 1976(176) _bالمكتبة الوطنية (العراق) |
||
| 040 |
_aEG-GiCUC _bara _cEG-GiCUC _dEG-GiCUC _erda |
||
| 082 | 0 | 4 |
_221 _a810.8 _bZ23r |
| 092 | 0 | 4 |
_221 _a810.8 _bZ23r |
| 099 | _a810.8 Z23r | ||
| 100 | 1 |
_aزمخشرى، محمود بن عمر _d1075-1144 _eمؤلف. |
|
| 245 | 1 |
_aربيع الأبرار ونصوص الأخبار / _cتصنيف الامام محمود بن عمر الزمخشرى ؛ تحقيق الدكتور سليم النعمى |
|
| 264 |
_aبغداد ( العراق) : _bوزارة الاوقاف والشؤون الدينية، _c[1976] |
||
| 300 |
_a؛ 4 مجلدات _c24 سم |
||
| 336 |
_2rdacontent _atext |
||
| 337 |
_2rdamedia _aUnmediated |
||
| 338 |
_2rdacarrier _avolume |
||
| 490 |
_aإحياء التراث الاسلامى ؛ _v13 |
||
| 504 | _aيشتمل على ارجاعات ببليوجرافية | ||
| 541 |
_aد. جابر عصفور ؛ _bالقاهرة ؛ _cإهداء ؛ _d2024. |
||
| 650 | 1 | 7 |
_aالأدب العربى _xمجموعات _2qrmak |
| 650 | 1 | 7 |
_aالشعر العربى _xمجموعات _2qrmak |
| 651 | 1 | _2qrmak | |
| 700 | 1 |
_aالنعيمى، سليم _eمحقق. |
|
| 905 | _aHuda | ||
| 942 |
_2ddc _cBK _e21 _n0 |
||
| 999 |
_c178496 _d178496 |
||